Pricing decisions and marketing policy / (Record no. 77136)
[ view plain ]
| 000 -LEADER | |
|---|---|
| fixed length control field | 00929nam a22002892a 4500 |
| 001 - CONTROL NUMBER | |
| control field | 77136 |
| 003 - CONTROL NUMBER IDENTIFIER | |
| rucl marc code | BD-RjUL |
| 005 - DATE AND TIME OF LATEST TRANSACTION | |
| control field | 20211209082929.0 |
| 008 - FIXED-LENGTH DATA ELEMENTS--GENERAL INFORMATION | |
| fixed length control field | 200226r19761971nju b 001 0 eng d |
| 020 ## - INTERNATIONAL STANDARD BOOK NUMBER | |
| International Standard Book Number | 0136996604 |
| 035 ## - SYSTEM CONTROL NUMBER | |
| System control number | OCLC ocm00140249 from D960702M |
| System control number | (BD-RjUL)77360 |
| 040 ## - CATALOGING SOURCE | |
| Original cataloging agency | DLC |
| Transcribing agency | DLC |
| Modifying agency | EQO |
| -- | BD-RjUL |
| Language of cataloging | eng |
| 041 ## - LANGUAGE CODE | |
| Language code of text/sound track or separate title | eng |
| 082 ## - DEWEY DECIMAL CLASSIFICATION NUMBER | |
| Edition number | 23 |
| Classification number | 658.816 |
| Author mark and year | PAP 1976 |
| 100 1# - MAIN ENTRY--PERSONAL NAME | |
| Personal name | Palda, Kristian S. |
| 9 (RLIN) | 239889 |
| 245 10 - TITLE STATEMENT | |
| Title | Pricing decisions and marketing policy / |
| Statement of responsibility, etc. | [by] Kristian S. Palda |
| 260 ## - PUBLICATION, DISTRIBUTION, ETC. (IMPRINT) | |
| Place of publication, distribution, etc. | Englewood Cliffs, N.J : |
| Name of publisher, distributor, etc. | Prentice-Hall, |
| Date of publication, distribution, etc. | c1971 [indian reprint 1976] |
| 300 ## - PHYSICAL DESCRIPTION | |
| Pagination | x, 116 p.; |
| Size | 23 cm |
| 490 1# - SERIES STATEMENT | |
| Series statement | Prentice-Hall foundations of marketing series |
| 504 ## - BIBLIOGRAPHY, ETC. NOTE | |
| Bibliography, etc | Includes bibliographical references |
| 650 #0 - SUBJECT ADDED ENTRY--TOPICAL TERM | |
| Topical term or geographic name as entry element | Pricing |
| 9 (RLIN) | 239890 |
| Topical term or geographic name as entry element | Marketing |
| 9 (RLIN) | 239891 |
| 830 #0 - SERIES ADDED ENTRY--UNIFORM TITLE | |
| Uniform title | Prentice-Hall foundations of marketing series |
| 942 ## - ADDED ENTRY ELEMENTS (KOHA) | |
| Source of classification or shelving scheme | Dewey Decimal Classification |
| Koha item type | Books |
| Lost status | Source of classification or shelving scheme | Damaged status | Not for loan | Collection code | Permanent Location | Current Location | Shelving location | Date acquired | Cost, normal purchase price | Total Checkouts | Full call number | Date last seen | Copy number | Koha item type |
|---|---|---|---|---|---|---|---|---|---|---|---|---|---|---|
| Dewey Decimal Classification | Not For Loan | Non-fiction | Central Library, University of Rajshahi | Central Library, University of Rajshahi | Reading Room | 05/01/1983 | 28.50 | 658.816 PAP 1976 | 26/02/2020 | C-1 | Books |